| 000 | 00637cam a22001934a 4500 | ||
|---|---|---|---|
| 005 | 20250605163531.0 | ||
| 008 | 250528s ||||||||||||||||||||||||d | ||
| 035 | _a21249 | ||
| 020 | _a9780857760081 | ||
| 040 |
_aGR-AtMCL _bgre _dGR-AtMCL _eAACR2 |
||
| 245 | 1 | _aBTEC Level 4 HNC and Level 5 HND in Engineering / Study Guide | |
| 250 | _a1st | ||
| 260 |
_bPearson, _c2011 |
||
| 300 | _a598 | ||
| 520 | _aThis book contains selections from market-leading textbooks that are used on higher education programmes worldwide and it is supported with online resources. Includes CD-ROM. | ||
| 942 | _cBK | ||
| 999 |
_c6316 _d6316 |
||